| 000 | 00426nmm a2200181 a 4500 | ||
|---|---|---|---|
| 003 | AR-X00000XY | ||
| 005 | 20251128212024.0 | ||
| 008 | 177020ss.f. ||||||||||||||000 | spa|| | ||
| 040 | _cAR-X00000XY | ||
| 100 | 0 | _aMolière | |
| 245 | 1 | 0 | _aMonsieur de Pourceaugnac |
| 260 |
_aParis _bEditions Nilsson _cs.f. |
||
| 300 | 0 | _a129 p. | |
| 655 | _aLITERATURA | ||
| 740 | 0 | _aL'amour médecin | |
| 942 | _cBK | ||
| 998 | _cmartin | ||
| 999 |
_c22117 _d22117 |
||